Central Library and Information Centre
Sibsagar Girls' College, Sivasagar : Assam

COMPARATIVE POLITICS (Record no. 6311)

MARC details
000 -LEADER
fixed length control field 00413cam a2200181ua 4500
008 - FIXED-LENGTH DATA ELEMENTS--GENERAL INFORMATION
fixed length control field 181008n1980 II |||gr||||Z||||||eng
040 ## - CATALOGING SOURCE
Original cataloging agency MAIN
041 ## - LANGUAGE CODE
-- English
041 ## - LANGUAGE CODE
-- eng
082 ## - DEWEY DECIMAL CLASSIFICATION NUMBER
Classification number 320.3 JOH
100 ## - MAIN ENTRY--PERSONAL NAME
Personal name JOHARI , J.C .
245 ## - TITLE STATEMENT
Title COMPARATIVE POLITICS
260 ## - PUBLICATION, DISTRIBUTION, ETC.
Place of publication, distribution, etc. NEW DELHI
Name of publisher, distributor, etc. STERLING PUBLISHERS
Date of publication, distribution, etc. 1980
300 ## - PHYSICAL DESCRIPTION
Extent 632.
942 ## - ADDED ENTRY ELEMENTS (KOHA)
Koha item type Books
653 ## - INDEX TERM--UNCONTROLLED
Uncontrolled term COMPARATIVE GOVERNMENT
Holdings
Withdrawn status Lost status Source of classification or shelving scheme Damaged status Not for loan Collection code Home library Current library Date acquired Full call number Barcode Date last seen Copy number Price effective from Koha item type
    Dewey Decimal Classification     TBPSC Central Library and Information Centre Sibsagar Girls College Central Library and Information Centre Sibsagar Girls College 27.02.2020 320.3 JOH 05686 27.02.2020 1 27.02.2020 Books


Sibsagar Girl's College © 2020. All rights reserved.
Powered by Koha.
Maintained by Abhijit Borpuzari.